000 00667nam a2200253Ia 4500
003 OSt
005 20221006145044.0
006 a|||||r|||| 00| 0
007 ta
008 221006b |||||||| |||| 00| 0 eng d
020 _a0815714807
_c
_8.95
024 _a13,632
037 _cTextual
040 _aEASL
_cEASL
_beng
041 _2eng
_aeng
082 _aV49B:1973.N7, L5
100 _aCLOUGH Ralph N
245 0 _aEast Asia and U.S. security
260 _aWashungton
_bBrookings Institution
_c1975
300 _a248p.
_ccm.
490 _v Oth
942 _hV49B:1973.N7, L5
_cTEXL
_2CC
999 _c1081718
_d1081718